| 000 | 00386nam a2200157 a 4500 | ||
|---|---|---|---|
| 005 | 20140414131909.0 | ||
| 008 | 040601s19uu xx 00 eng d | ||
| 050 |
_aER _bEm7 2002 |
||
| 100 | _aAndersen, Hans Christian | ||
| 245 | _aThe emperor's new clothes /. | ||
| 260 |
_aNew York : _bThomas Nelson, _c2002. |
||
| 440 | _a | ||
| 650 |
_a _x |
||
| 650 |
_a _x |
||
| 999 |
_c111131 _d111131 |
||